000 00649cam a22002413a 4500
001 25457
003 PGUSA
005 20140828083540.0
008 080513s2008||||xxu|||||s|||||000 | eng d
040 _aPGUSA
_beng
042 _adc
050 4 _aHM
100 1 _aKorzybski, Alfred,
_d1879-1950
245 1 0 _aManhood of Humanity.
_h[electronic resource] /
_cAlfred Korzybski
260 _bProject Gutenberg,
_c2008
506 _aPublic domain in the USA.
516 _aElectronic text
653 _aHuman beings
653 _aProgress
830 0 _aProject Gutenberg
_v25457
856 4 0 _uhttp://www.gutenberg.org/ebooks/25457
942 _cEB
999 _c254712
_d254712